Catálogo
 En Linea
Vista normal Vista MARC

Entrada Nombre corporativo

Número de registros utilizados en: 1

001 - NÚMERO DE CONTROL

  • campo de control: 56402

003 - IDENTIFICADOR DEL NÚMERO DE CONTROL

  • campo de control: OSt

005 - FECHA Y HORA DE LA ÚLTIMA TRANSACCIÓN

  • campo de control: 20200615034800.0

008 - DATOS DE LONGITUD FIJA

  • campo de control de longitud fija: 200615|| aca||aabn | a|a d

040 ## - FUENTE DE LA CATALOGACIÓN

  • Centro catalogador/agencia de origen: OSt
  • Centro/agencia transcriptor: OSt

110 ## - ENCABEZAMIENTO-NOMBRE DE ENTIDAD CORPORATIVA

  • Nombre de entidad corporativa o nombre de jurisdicción como elemento de entrada: República Dominicana . Procuraduría General de la República Dominicana
  • Unidad subordinada: Departamento de Prevención de la Corrupción (DPC),
  • Unidad subordinada: División de Eduación, Unidad de Programas Educativos

670 ## - FUENTE DE DATOS ENCONTRADOS

  • Cita de la fuente: Work cat.: (OSt)29062: República Dominicana . Procuraduría General de la República Dominicana Departamento de Prevención de la Corrupción (DPC), División de Eduación, Unidad de Programas Educativos, Transparencia en la gestión pública., 1999.

Con tecnología Koha